[Event "1st 4NCL International Open"]
[Site "Telford"]
[Date "2018.11.01"]
[Round "3"]
[White "Willow, Jonah B"]
[Black "Dgebuadze, Alexandre"]
[Result "0-1"]
[WhiteElo "2271"]
[BlackElo "2484"]
[Annotator "TA"]
[PlyCount "136"]
[EventDate "2018.10.31"]
[EventType "swiss"]
[EventCountry "GBR"]
[SourceTitle "playchess.com"]
[Source "ChessBase"]
[SourceQuality "1"]

{[%evp 20,136,-7,-6,0,-3,0,0,-11,-39,-31,-50,-18,-61,-12,-13,0,0,0,0,0,-57,-55,-62,-66,-86,-47,-39,-31,-45,-60,-95,-95,-95,-95,-107,-107,-120,-120,-120,-120,-122,-113,-122,-122,-122,-122,-118,-118,-129,-116,-113,-83,-94,-96,-96,-23,-96,-97,-185,-203,-189,-191,-189,-186,-516,-485,-435,-404,-420,-145,-145,-145,-157,-54,-65,-60,-72,-20,-20,-20,-20,-20,-20,0,-8,-8,-8,-8,-8,-8,-8,-8,-70,-67,-135,-50,-148,-127,-206,-206,-186,-166,-200,-207,-224,-224,-233,-233,-234,-234,-234,-231,-218,-222,-29983,-29984,-29984,-29984]} 1. e4 e6 2. d3 d5 3. Nd2 c5 4. g3 Nc6 5. Bg2 Nf6 6. Ngf3 g6 7. O-O Bg7 8. c3 O-O 9. Re1 a5 10. e5 Nd7 11. d4 {LiveBook: 19 Games} Qb6 {[%cal Rc5d4] A08: King's Indian Attack} (11... cxd4 12. cxd4 f6 13. exf6 Qxf6 14. Qe2 Re8 15. b3 Nxd4 16. Nxd4 Qxd4 17. Rb1 Qc5 18. Nf3 e5 19. Be3 {0-1 (33) Giri,A (2752)-Svidler,P (2753) Flor & Fjaere 2014}) 12. Nf1 cxd4 13. cxd4 f6 {[%cal Rf6e5] The position is equal.} 14. exf6 Nxf6 15. b3 $146 ({Predecessor:} 15. Re2 Ne4 16. Be3 Nd6 17. Rc1 Nf5 18. Rd2 Bd7 19. h4 {0-1 (95) Pancevski,F (2442)-Neiksans,A (2502) Porto Carras 2011}) 15... Ne4 {[%cal Rc6d4]} 16. Be3 $1 {[#]} a4 $1 {[%mdl 512]} 17. bxa4 Qb4 18. N1d2 Nxd2 ({Much weaker is} 18... Rxa4 19. Nxe4 dxe4 20. Ne5 $14) 19. Bxd2 Qxa4 20. Bc3 (20. Be3 $11) 20... Qxd1 $15 21. Rexd1 Ra3 $36 {[%mdl 2048] Black has the initiative.} 22. Rdc1 {[#]} Rxc3 $1 {[%mdl 512]} 23. Rxc3 {Hoping for Rd1.} Nxd4 24. Nxd4 Bxd4 25. Rxc8 Rxc8 $17 {[%mdl 4096] Endgame KRB-KRB} 26. Rd1 Ba7 {Threatens to win with ...Rc2.} 27. Bh3 Kf7 {And now ...Rc2 would win.} 28. Re1 Rc2 29. Rxe6 Rxf2 30. Kh1 Rxa2 31. Rd6 d4 {[%cal Bd5d4,Bd4d3,Bd3d2][%mdl 32]} 32. Rd7+ Ke8 33. Rxb7 d3 34. Bg4 h5 {( -> ...Ra1+)} 35. Bf3 Ra1+ 36. Kg2 d2 37. Rg7 Rg1+ 38. Kh3 Rf1 $1 {[%cal Rf1f3]} 39. Be2 (39. Rg8+ $17 {was worth a try.} Kf7 40. Bd5+ Ke7 41. Bb3) 39... Bg1 $1 $19 40. Kh4 Re1 41. Bf3 Re6 {White must now prevent ...Bc5.} 42. g4 $2 (42. Bd1) 42... Bf2+ 43. Kg5 Be3+ 44. Kh4 Rf6 $2 (44... Bc5 $19 {...Be7+ is the strong threat.} 45. Rb7 Be7+ 46. Kg3 h4+ 47. Kf2 Re1) 45. Bd1 $17 Kf8 46. Rd7 {[#]} Rf4 (46... Rf1 $1 $17 47. Bb3 Rb1) 47. Rd3 $1 $15 {[%cal Rd3e3]} Re4 48. Bf3 {[#]} Re5 (48... g5+ $1 $17 49. Kxh5 Re5) 49. gxh5 $11 gxh5 50. Bxh5 Bf2+ 51. Kg4 Be3 52. Kh4 Ke7 53. Bd1 Bh6 54. Kg3 Re1 55. Bf3 Be3 56. Kh4 (56. h3 $11) 56... Ke6 $15 57. Kh5 ({White should play} 57. Kg4 $15) 57... Kf6 ({Better is} 57... Kf5 $17 58. Rd8 Kf4 59. Rf8+ Ke5) 58. h3 (58. Rd5 $15) 58... Ke5 59. Rd5+ (59. Rd8 $17) 59... Kf4 $19 60. Bg4 Ke4 61. Rd8 Rg1 62. Be2 Bd4 63. Kh6 Rh1 {Strongly threatening ...Ke3.} 64. Re8+ Be5 65. Rd8 Ke3 66. Bg4 Bd4 {aiming for ...Rxh3+!} 67. Kg5 $2 (67. Re8+ $19 Kf4 68. Rf8+ Ke4 69. Kh5) 67... Rg1 68. Re8+ Kd3 {Precision: White = 55%, Black = 62%.} 0-1

[Event "1st 4NCL International Open"]
[Site "Telford"]
[Date "2018.11.02"]
[Round "3"]
[White "Willow, Jonah B"]
[Black "Dgebuadze, Alexandre"]
[Result "0-1"]
[WhiteElo "2271"]
[BlackElo "2484"]
[Annotator "RC"]
[PlyCount "136"]
[EventDate "2018.10.31"]
[EventType "swiss"]
[EventCountry "GBR"]
[SourceTitle "playchess.com"]
[Source "ChessBase"]
[SourceQuality "1"]
[TimeControl "5400+30"]

1. e4 {[%emt 0:00:00]} e6 {[%emt 0:00:01]} 2. d3 {[%emt 0:00:00]} d5 {[%emt 0:00:07]} 3. Nd2 {[%emt 0:00:00]} c5 {[%emt 0:00:22]} 4. g3 {[%emt 0:00:00]} Nc6 {[%emt 0:00:15]} 5. Bg2 {[%emt 0:00:00]} Nf6 {[%emt 0:01:31]} 6. Ngf3 {[%emt 0:00:00]} g6 {[%emt 0:00:09]} 7. O-O {[%emt 0:00:01]} Bg7 {[%emt 0:00:05]} 8. c3 {[%emt 0:00:53]} O-O {[%emt 0:00:28]} 9. Re1 {[%emt 0:00:03]} a5 {[%emt 0:01:29]} 10. e5 {[%emt 0:00:11]} Nd7 {[%emt 0:00:06]} 11. d4 {[%emt 0:00:10]} Qb6 {[%emt 0:06:18]} 12. Nf1 {[%emt 0:02:41]} cxd4 {[%emt 0:00:19]} 13. cxd4 {[%emt 0:00:24]} f6 {[%emt 0:00:27]} 14. exf6 {[%emt 0:19:42]} Nxf6 {[%emt 0:00:14]} 15. b3 {[%emt 0:02:01]} Ne4 {[%emt 0:02:16]} 16. Be3 {[%emt 0:01:18]} a4 {[%emt 0:04:42]} 17. bxa4 {[%emt 0:05:08]} Qb4 {[%emt 0:05:23]} 18. N1d2 {[%emt 0:06:32]} Nxd2 {[%emt 0:03:53]} 19. Bxd2 {[%emt 0:00:37]} Qxa4 {[%emt 0:00:06]} 20. Bc3 {[%emt 0:02:02]} Qxd1 {[%emt 0:02:32]} 21. Rexd1 {[%emt 0:00:23]} Ra3 {[%emt 0:00:06]} 22. Rdc1 {[%emt 0:02:30]} Rxc3 {[%emt 0:24:34]} 23. Rxc3 {[%emt 0:01:30]} Nxd4 {[%emt 0:00:06]} 24. Nxd4 {[%emt 0:12:18]} Bxd4 {[%emt 0:00:27]} 25. Rxc8 {[%emt 0:00:10]} Rxc8 {[%emt 0:00:25]} 26. Rd1 {[%emt 0:00:18]} Ba7 {[%emt 0:05:13]} 27. Bh3 {[%emt 0:01:14]} Kf7 {[%emt 0:01:19]} 28. Re1 {[%emt 0:01:34]} Rc2 {[%emt 0:03:25]} 29. Rxe6 {[%emt 0:01:38]} Rxf2 {[%emt 0:05:54]} 30. Kh1 {[%emt 0:00:19]} Rxa2 {[%emt 0:08:16]} 31. Rd6 {[%emt 0:00:41]} d4 {[%emt 0:10:23]} 32. Rd7+ {[%emt 0:07:55]} Ke8 {[%emt 0:02:31]} 33. Rxb7 {[%emt 0:00:26]} d3 {[%emt 0:03:45]} 34. Bg4 {[%emt 0:06:12]} h5 {[%emt 0:03:25]} 35. Bf3 {[%emt 0:00:19]} Ra1+ {[%emt 0:02:40]} 36. Kg2 {[%emt 0:00:11]} d2 {[%emt 0:01:14]} 37. Rg7 {[%emt 0:01:09]} Rg1+ {[%emt 0:01:49]} 38. Kh3 {[%emt 0:00:05]} Rf1 {[%emt 0:00:07]} 39. Be2 {[%emt 0:00:42]} Bg1 {[%emt 0:01:38]} 40. Kh4 {[%emt 0:04:23]} Re1 {[%emt 0:01:05]} 41. Bf3 {[%emt 0:00:22]} Re6 {[%emt 0:00:12]} 42. g4 {[%emt 0:08:39]} Bf2+ {[%emt 0:00:42]} 43. Kg5 {[%emt 0:00:10]} Be3+ {[%emt 0:00:15]} 44. Kh4 {[%emt 0:00:03]} Rf6 {[%emt 0:00:47]} 45. Bd1 {[%emt 0:00:36]} Kf8 {[%emt 0:00:36]} 46. Rd7 {[%emt 0:00:21]} Rf4 {[%emt 0:00:31]} 47. Rd3 {[%emt 0:00:45]} Re4 {[%emt 0:00:11]} 48. Bf3 {[%emt 0:00:42]} Re5 {[%emt 0:00:44]} 49. gxh5 {[%emt 0:00:38]} gxh5 {[%emt 0:00:14]} 50. Bxh5 {[%emt 0:00:29]} Bf2+ {[%emt 0:00:32]} 51. Kg4 {[%emt 0:00:21]} Be3 {[%emt 0:00:17]} 52. Kh4 {[%emt 0:00:33]} Ke7 {[%emt 0:00:14]} 53. Bd1 {[%emt 0:00:45]} Bh6 {[%emt 0:00:09]} 54. Kg3 {[%emt 0:01:21]} Re1 {[%emt 0:00:07]} 55. Bf3 {[%emt 0:00:52]} Be3 {[%emt 0:00:21]} 56. Kh4 {[%emt 0:08:20]} Ke6 {[%emt 0:00:17]} 57. Kh5 {[%emt 0:01:23]} Kf6 {[%emt 0:01:00]} 58. h3 {[%emt 0:00:30]} Ke5 {[%emt 0:00:13]} 59. Rd5+ {[%emt 0:03:03]} Kf4 {[%emt 0:00:10]} 60. Bg4 {[%emt 0:00:16]} Ke4 {[%emt 0:00:17]} 61. Rd8 {[%emt 0:01:35]} Rg1 {[%emt 0:01:32]} 62. Be2 {[%emt 0:00:46]} Bd4 {[%emt 0:00:57]} 63. Kh6 {[%emt 0:01:31]} Rh1 {[%emt 0:00:51]} 64. Re8+ {[%emt 0:00:33]} Be5 {[%emt 0:00:13]} 65. Rd8 {[%emt 0:01:09]} Ke3 {[%emt 0:00:56]} 66. Bg4 {[%emt 0:00:49]} Bd4 {[%emt 0:00:05]} 67. Kg5 {[%emt 0:00:40]} Rg1 {[%emt 0:00:17]} 68. Re8+ {[%emt 0:00:28]} Kd3 {[%emt 0:00:14]} 0-1

[Event "1st 4NCL International Open"]
[Site "Telford"]
[Date "2018.11.02"]
[Round "3"]
[White "Mihalik, Agoston"]
[Black "Ross, Stuart"]
[Result "1-0"]
[WhiteElo "2223"]
[BlackElo "1608"]
[Annotator "ChessBase"]
[PlyCount "51"]
[EventDate "2018.10.31"]
[EventType "swiss"]
[EventCountry "GBR"]
[SourceTitle "playchess.com"]
[Source "ChessBase"]
[SourceQuality "1"]
[TimeControl "5400+30"]

1. e4 {[%emt 0:00:00]} c5 {[%emt 0:00:00]} 2. Nf3 {[%emt 0:00:00]} d6 {[%emt 0:00:00]} 3. d4 {[%emt 0:00:00]} cxd4 {[%emt 0:00:00]} 4. Nxd4 {[%emt 0:00:00]} Nf6 {[%emt 0:00:05]} 5. Nc3 {[%emt 0:00:04]} a6 {[%emt 0:00:46]} 6. Bg5 {[%emt 0:00:38]} e6 {[%emt 0:00:00]} 7. f4 {[%emt 0:00:05]} Qb6 {[%emt 0:00:16]} 8. Qd3 {[%emt 0:08:54]} Qxb2 {[%emt 0:03:06]} 9. Rb1 {[%emt 0:00:26]} Qa3 {[%emt 0:00:19]} 10. f5 {[%emt 0:03:09]} Nc6 {[%emt 0:03:53]} 11. fxe6 {[%emt 0:11:06]} fxe6 {[%emt 0:00:35]} 12. Nxc6 {[%emt 0:01:44]} bxc6 {[%emt 0:00:35]} 13. Be2 {[%emt 0:00:27]} Qa5 {[%emt 0:03:24]} 14. Bxf6 {[%emt 0:18:33]} gxf6 {[%emt 0:00:38]} 15. O-O {[%emt 0:02:18]} Be7 {[%emt 0:12:31]} 16. Kh1 {[%emt 0:10:36]} Bd7 {[%emt 0:20:56]} 17. Bg4 {[%emt 0:09:12]} O-O {[%emt 0:05:08]} 18. Rb7 {[%emt 0:00:31]} Qd8 {[%emt 0:01:29]} 19. Qc4 {[%emt 0:09:40]} d5 {[%emt 0:02:10]} 20. exd5 {[%emt 0:01:10]} cxd5 {[%emt 0:00:57]} 21. Nxd5 {[%emt 0:06:32]} Rf7 {[%emt 0:14:41]} 22. Nxe7+ {[%emt 0:04:26]} Qxe7 {[%emt 0:01:17]} 23. Qb3 {[%emt 0:01:53]} Qd6 {[%emt 0:15:44]} 24. Rd1 {[%emt 0:00:31]} Qe5 {[%emt 0:01:39]} 25. Rbxd7 {[%emt 0:02:19]} Rxd7 {[%emt 0:00:21]} 26. Bxe6+ {[%emt 0:00:04]} 1-0

[Event "1st 4NCL International Open"]
[Site "Telford"]
[Date "2018.11.02"]
[Round "3"]
[White "Britton, Richard L"]
[Black "Rahulan, Thivyaa"]
[Result "1-0"]
[WhiteElo "2204"]
[BlackElo "1868"]
[Annotator "ChessBase"]
[PlyCount "103"]
[EventDate "2018.10.31"]
[EventType "swiss"]
[EventCountry "GBR"]
[SourceTitle "playchess.com"]
[Source "ChessBase"]
[SourceQuality "1"]
[TimeControl "5400+30"]

1. e4 {[%emt 0:00:00]} e6 {[%emt 0:00:00]} 2. d3 {[%emt 0:00:18]} d5 {[%emt 0:00:00]} 3. Nd2 {[%emt 0:00:04]} Nf6 {[%emt 0:00:00]} 4. g3 {[%emt 0:00:07]} b5 {[%emt 0:02:21]} 5. Bg2 {[%emt 0:00:07]} c5 {[%emt 0:00:21]} 6. Ngf3 {[%emt 0:02:18]} Be7 {[%emt 0:01:13]} 7. O-O {[%emt 0:00:29]} Nc6 {[%emt 0:02:19]} 8. Re1 {[%emt 0:00:22]} Bb7 {[%emt 0:01:57]} 9. e5 {[%emt 0:00:30]} Nd7 {[%emt 0:00:13]} 10. Nf1 {[%emt 0:00:05]} a5 {[%emt 0:09:46]} 11. h4 {[%emt 0:01:02]} Qc7 {[%emt 0:05:30]} 12. Bf4 {[%emt 0:00:33]} Nb6 {[%emt 0:01:09]} 13. h5 {[%emt 0:02:26]} h6 {[%emt 0:02:55]} 14. N1h2 {[%emt 0:04:32]} d4 {[%emt 0:07:02]} 15. Ng4 {[%emt 0:00:30]} Nd5 {[%emt 0:05:04]} 16. Bd2 {[%emt 0:00:34]} Rd8 {[%emt 0:05:46]} 17. a3 {[%emt 0:03:28]} Qb6 {[%emt 0:03:48]} 18. Nfh2 {[%emt 0:08:39]} c4 {[%emt 0:04:22]} 19. Bc1 {[%emt 0:08:49]} Rd7 {[%emt 0:07:32]} 20. Be4 {[%emt 0:05:20]} Kd8 {[%emt 0:08:54]} 21. f4 {[%emt 0:11:11]} Kc7 {[%emt 0:03:38]} 22. Qf3 {[%emt 0:00:10]} Rc8 {[%emt 0:05:08]} 23. a4 {[%emt 0:03:10]} Ncb4 {[%emt 0:03:36]} 24. Qd1 {[%emt 0:13:40]} cxd3 {[%emt 0:02:50]} 25. cxd3 {[%emt 0:00:28]} Kb8 {[%emt 0:00:34]} 26. Re2 {[%emt 0:02:52]} Rdc7 {[%emt 0:02:06]} 27. Bd2 {[%emt 0:05:51]} Nc2 {[%emt 0:02:49]} 28. Rc1 {[%emt 0:01:36]} Ndb4 {[%emt 0:02:52]} 29. Bxb4 {[%emt 0:02:31]} Nxb4 {[%emt 0:00:10]} 30. Rxc7 {[%emt 0:00:08]} Rxc7 {[%emt 0:00:12]} 31. Bxb7 {[%emt 0:02:19]} Kxb7 {[%emt 0:00:20]} 32. Nf2 {[%emt 0:01:12]} Nd5 {[%emt 0:01:09]} 33. Nf1 {[%emt 0:00:58]} Qc6 {[%emt 0:01:48]} 34. axb5 {[%emt 0:01:23]} Qxb5 {[%emt 0:00:06]} 35. Ne4 {[%emt 0:00:46]} Kb6 {[%emt 0:01:52]} 36. Kg2 {[%emt 0:03:51]} Nb4 {[%emt 0:01:50]} 37. Rd2 {[%emt 0:00:45]} Qd5 {[%emt 0:00:49]} 38. Qf3 {[%emt 0:01:34]} Qb3 {[%emt 0:01:40]} 39. Nf2 {[%emt 0:01:57]} Nd5 {[%emt 0:01:31]} 40. Re2 {[%emt 0:00:17]} Rc2 {[%emt 0:01:14]} 41. Nd2 {[%emt 0:01:41]} Ne3+ {[%emt 0:00:29]} 42. Rxe3 {[%emt 0:02:20]} Rxd2 {[%emt 0:00:08]} 43. Re2 {[%emt 0:00:06]} Rxe2 {[%emt 0:02:48]} 44. Qxe2 {[%emt 0:00:06]} Qd5+ {[%emt 0:00:12]} 45. Qf3 {[%emt 0:02:20]} Qxf3+ {[%emt 0:00:31]} 46. Kxf3 {[%emt 0:00:06]} Kb5 {[%emt 0:00:38]} 47. Ne4 {[%emt 0:00:23]} Kb4 {[%emt 0:01:01]} 48. Nd2 {[%emt 0:00:05]} Kb5 {[%emt 0:00:43]} 49. Ke4 {[%emt 0:00:08]} Bc5 {[%emt 0:00:32]} 50. g4 {[%emt 0:00:07]} a4 {[%emt 0:00:08]} 51. Nc4 {[%emt 0:00:06]} Kb4 {[%emt 0:01:16]} 52. f5 {[%emt 0:00:08]} 1-0

[Event "1st 4NCL International Open"]
[Site "Telford"]
[Date "2018.11.02"]
[Round "3"]
[White "Mason, Donald J"]
[Black "Ahluwalia, Amardip"]
[Result "0-1"]
[WhiteElo "2165"]
[BlackElo "2085"]
[Annotator "ChessBase"]
[PlyCount "64"]
[EventDate "2018.10.31"]
[EventType "swiss"]
[EventCountry "GBR"]
[SourceTitle "playchess.com"]
[Source "ChessBase"]
[SourceQuality "1"]
[TimeControl "5400+30"]

1. Nf3 {[%emt 0:00:00]} Nf6 {[%emt 0:00:00]} 2. c4 {[%emt 0:00:00]} g6 {[%emt 0:00:00]} 3. Nc3 {[%emt 0:03:08]} d5 {[%emt 0:00:09]} 4. cxd5 {[%emt 0:02:42]} Nxd5 {[%emt 0:00:42]} 5. e4 {[%emt 0:01:51]} Nxc3 {[%emt 0:01:24]} 6. bxc3 {[%emt 0:00:11]} Bg7 {[%emt 0:00:06]} 7. Bc4 {[%emt 0:05:19]} O-O {[%emt 0:01:16]} 8. h3 {[%emt 0:07:22]} c5 {[%emt 0:01:31]} 9. O-O {[%emt 0:06:23]} Nc6 {[%emt 0:02:01]} 10. Re1 {[%emt 0:03:49]} a6 {[%emt 0:04:05]} 11. a4 {[%emt 0:04:55]} Na5 {[%emt 0:04:30]} 12. Ba2 {[%emt 0:08:34]} c4 {[%emt 0:05:44]} 13. Ba3 {[%emt 0:03:33]} b5 {[%emt 0:01:46]} 14. Bb4 {[%emt 0:02:18]} Nc6 {[%emt 0:00:53]} 15. Rc1 {[%emt 0:10:17]} Nxb4 {[%emt 0:03:06]} 16. cxb4 {[%emt 0:00:02]} Qd6 {[%emt 0:00:17]} 17. Rb1 {[%emt 0:01:29]} Rd8 {[%emt 0:02:04]} 18. e5 {[%emt 0:04:42]} Qd5 {[%emt 0:01:54]} 19. d4 {[%emt 0:07:19]} Bf5 {[%emt 0:00:52]} 20. Qe2 {[%emt 0:05:32]} Bxb1 {[%emt 0:01:44]} 21. Bxb1 {[%emt 0:00:01]} Qd7 {[%emt 0:01:13]} 22. Be4 {[%emt 0:07:13]} Rac8 {[%emt 0:01:33]} 23. axb5 {[%emt 0:04:29]} Qxb5 {[%emt 0:00:20]} 24. Ng5 {[%emt 0:01:35]} e6 {[%emt 0:01:18]} 25. Qf3 {[%emt 0:02:33]} Rc7 {[%emt 0:01:30]} 26. Bc2 {[%emt 0:03:25]} Qxb4 {[%emt 0:01:49]} 27. Re4 {[%emt 0:00:35]} h6 {[%emt 0:01:13]} 28. Nxe6 {[%emt 0:01:11]} fxe6 {[%emt 0:00:05]} 29. Qg4 {[%emt 0:00:04]} Qe7 {[%emt 0:00:41]} 30. Qxg6 {[%emt 0:02:05]} Qf7 {[%emt 0:00:05]} 31. Qg3 {[%emt 0:01:45]} Qf5 {[%emt 0:01:49]} 32. Qh4 {[%emt 0:01:01]} Qg5 {[%emt 0:00:12]} 0-1

[Event "1st 4NCL International Open"]
[Site "Telford"]
[Date "2018.11.02"]
[Round "3"]
[White "Stepanyan, Henrik"]
[Black "Macklin, Paul"]
[Result "1/2-1/2"]
[WhiteElo "2158"]
[BlackElo "2361"]
[Annotator "ChessBase"]
[PlyCount "46"]
[EventDate "2018.10.31"]
[EventType "swiss"]
[EventCountry "GBR"]
[SourceTitle "playchess.com"]
[Source "ChessBase"]
[SourceQuality "1"]
[TimeControl "5400+30"]

1. d4 {[%emt 0:00:00]} d6 {[%emt 0:02:08]} 2. Nf3 {[%emt 0:00:00]} Nf6 {[%emt 0:00:35]} 3. c4 {[%emt 0:00:00]} g6 {[%emt 0:00:07]} 4. Nc3 {[%emt 0:00:00]} Bg7 {[%emt 0:00:04]} 5. e4 {[%emt 0:00:01]} O-O {[%emt 0:00:15]} 6. h3 {[%emt 0:00:02]} e5 {[%emt 0:01:02]} 7. dxe5 {[%emt 0:00:39]} dxe5 {[%emt 0:00:06]} 8. Qxd8 {[%emt 0:00:03]} Rxd8 {[%emt 0:00:09]} 9. Bg5 {[%emt 0:00:04]} Na6 {[%emt 0:05:54]} 10. Nd5 {[%emt 0:00:57]} Rd6 {[%emt 0:00:33]} 11. Bxf6 {[%emt 0:01:08]} Bxf6 {[%emt 0:00:25]} 12. Rc1 {[%emt 0:00:11]} c5 {[%emt 0:07:32]} 13. a3 {[%emt 0:03:30]} Kg7 {[%emt 0:00:22]} 14. b4 {[%emt 0:04:57]} Rd7 {[%emt 0:01:07]} 15. Bd3 {[%emt 0:15:54]} b6 {[%emt 0:01:12]} 16. b5 {[%emt 0:03:28]} Nc7 {[%emt 0:00:20]} 17. O-O {[%emt 0:03:17]} Bb7 {[%emt 0:00:25]} 18. a4 {[%emt 0:01:44]} Ne8 {[%emt 0:03:46]} 19. Rc2 {[%emt 0:11:30]} Nd6 {[%emt 0:03:46]} 20. Nd2 {[%emt 0:01:28]} Bg5 {[%emt 0:07:04]} 21. Nf3 {[%emt 0:04:42]} Bf6 {[%emt 0:03:42]} 22. Nd2 {[%emt 0:00:14]} Bg5 {[%emt 0:00:54]} 23. Nf3 {[%emt 0:00:06]} Bf6 {[%emt 0:00:07]} 1/2-1/2

[Event "1st 4NCL International Open"]
[Site "Telford"]
[Date "2018.11.02"]
[Round "3"]
[White "White, Stuart A"]
[Black "Gibson, Christopher A"]
[Result "1-0"]
[WhiteElo "2113"]
[BlackElo "1924"]
[Annotator "ChessBase"]
[PlyCount "73"]
[EventDate "2018.10.31"]
[EventType "swiss"]
[EventCountry "GBR"]
[SourceTitle "playchess.com"]
[Source "ChessBase"]
[SourceQuality "1"]
[TimeControl "5400+30"]

1. c4 {[%emt 0:00:00]} Nf6 {[%emt 0:00:00]} 2. Nc3 {[%emt 0:00:00]} g6 {[%emt 0:00:00]} 3. d4 {[%emt 0:00:00]} Bg7 {[%emt 0:00:00]} 4. e4 {[%emt 0:00:00]} d6 {[%emt 0:00:00]} 5. Nf3 {[%emt 0:00:00]} O-O {[%emt 0:00:00]} 6. Be2 {[%emt 0:00:05]} e5 {[%emt 0:00:17]} 7. d5 {[%emt 0:00:03]} a5 {[%emt 0:00:22]} 8. Bg5 {[%emt 0:00:07]} h6 {[%emt 0:00:32]} 9. Bh4 {[%emt 0:00:05]} g5 {[%emt 0:03:30]} 10. Bg3 {[%emt 0:00:38]} Nh5 {[%emt 0:02:15]} 11. h4 {[%emt 0:02:39]} g4 {[%emt 0:06:41]} 12. Nh2 {[%emt 0:09:59]} Nxg3 {[%emt 0:01:26]} 13. fxg3 {[%emt 0:00:05]} h5 {[%emt 0:02:03]} 14. O-O {[%emt 0:03:03]} Bh6 {[%emt 0:02:49]} 15. Bd3 {[%emt 0:02:53]} Na6 {[%emt 0:24:14]} 16. Qe2 {[%emt 0:13:16]} Nc5 {[%emt 0:01:07]} 17. Bc2 {[%emt 0:01:57]} Qe7 {[%emt 0:07:42]} 18. Rf2 {[%emt 0:10:33]} f5 {[%emt 0:10:28]} 19. exf5 {[%emt 0:05:21]} e4 {[%emt 0:01:50]} 20. f6 {[%emt 0:16:15]} Rxf6 {[%emt 0:06:26]} 21. Rxf6 {[%emt 0:00:37]} Qxf6 {[%emt 0:00:02]} 22. Nxe4 {[%emt 0:09:20]} Qd4+ {[%emt 0:02:42]} 23. Kh1 {[%emt 0:00:40]} Nxe4 {[%emt 0:07:41]} 24. Bxe4 {[%emt 0:04:09]} Kg7 {[%emt 0:03:36]} 25. Bc2 {[%emt 0:02:56]} Qe3 {[%emt 0:02:16]} 26. Re1 {[%emt 0:00:41]} Qxe2 {[%emt 0:00:37]} 27. Rxe2 {[%emt 0:00:04]} Kf7 {[%emt 0:00:30]} 28. Kg1 {[%emt 0:06:04]} Bd7 {[%emt 0:00:52]} 29. Kf2 {[%emt 0:01:19]} Re8 {[%emt 0:05:54]} 30. Nf1 {[%emt 0:02:38]} Kf6 {[%emt 0:02:12]} 31. Nd2 {[%emt 0:05:10]} Rxe2+ {[%emt 0:03:26]} 32. Kxe2 {[%emt 0:00:03]} Bf5 {[%emt 0:01:54]} 33. Ba4 {[%emt 0:00:43]} Bg6 {[%emt 0:00:40]} 34. Nb3 {[%emt 0:01:17]} Bb1 {[%emt 0:01:30]} 35. Nxa5 {[%emt 0:02:36]} Bxa2 {[%emt 0:00:58]} 36. b3 {[%emt 0:00:25]} b6 {[%emt 0:00:08]} 37. Nc6 {[%emt 0:00:20]} 1-0

[Event "1st 4NCL International Open"]
[Site "Telford"]
[Date "2018.11.02"]
[Round "3"]
[White "Clark, Robert G"]
[Black "Ravi, Teja S."]
[Result "0-1"]
[WhiteElo "2025"]
[BlackElo "2357"]
[Annotator "ChessBase"]
[PlyCount "98"]
[EventDate "2018.10.31"]
[EventType "swiss"]
[EventCountry "GBR"]
[SourceTitle "playchess.com"]
[Source "ChessBase"]
[SourceQuality "1"]
[TimeControl "5400+30"]

1. e4 {[%emt 0:02:07]} c6 {[%emt 0:00:00]} 2. d4 {[%emt 0:00:17]} d5 {[%emt 0:00:00]} 3. Nd2 {[%emt 0:00:06]} dxe4 {[%emt 0:00:00]} 4. Nxe4 {[%emt 0:00:07]} Bf5 {[%emt 0:00:01]} 5. Ng3 {[%emt 0:00:07]} Bg6 {[%emt 0:00:03]} 6. Nf3 {[%emt 0:00:22]} Nf6 {[%emt 0:00:10]} 7. h4 {[%emt 0:00:15]} h6 {[%emt 0:00:05]} 8. h5 {[%emt 0:00:11]} Bh7 {[%emt 0:00:04]} 9. Bd3 {[%emt 0:00:06]} Bxd3 {[%emt 0:00:05]} 10. Qxd3 {[%emt 0:00:08]} e6 {[%emt 0:00:02]} 11. Bf4 {[%emt 0:00:47]} Bd6 {[%emt 0:00:09]} 12. Bxd6 {[%emt 0:11:20]} Qxd6 {[%emt 0:00:08]} 13. O-O-O {[%emt 0:03:22]} Nbd7 {[%emt 0:00:22]} 14. Kb1 {[%emt 0:02:40]} O-O {[%emt 0:03:05]} 15. Ne4 {[%emt 0:10:17]} Nxe4 {[%emt 0:06:09]} 16. Qxe4 {[%emt 0:00:25]} Rfd8 {[%emt 0:00:50]} 17. Qe2 {[%emt 0:05:00]} Nf6 {[%emt 0:07:10]} 18. Ne5 {[%emt 0:03:37]} c5 {[%emt 0:00:57]} 19. dxc5 {[%emt 0:08:41]} Qxc5 {[%emt 0:00:11]} 20. g3 {[%emt 0:01:09]} Rac8 {[%emt 0:07:15]} 21. Rxd8+ {[%emt 0:05:40]} Rxd8 {[%emt 0:00:11]} 22. Nd3 {[%emt 0:00:28]} Qb5 {[%emt 0:09:42]} 23. Rh4 {[%emt 0:08:20]} a5 {[%emt 0:00:58]} 24. a3 {[%emt 0:01:29]} b6 {[%emt 0:03:15]} 25. Kc1 {[%emt 0:02:44]} Rd5 {[%emt 0:04:37]} 26. Kb1 {[%emt 0:08:10]} Rxh5 {[%emt 0:06:50]} 27. a4 {[%emt 0:03:17]} Qd5 {[%emt 0:08:22]} 28. Rxh5 {[%emt 0:05:36]} Nxh5 {[%emt 0:01:36]} 29. Qe3 {[%emt 0:00:37]} Qh1+ {[%emt 0:00:13]} 30. Nc1 {[%emt 0:02:55]} Qc6 {[%emt 0:00:09]} 31. Qd4 {[%emt 0:00:57]} Nf6 {[%emt 0:00:16]} 32. Nd3 {[%emt 0:00:51]} Nd7 {[%emt 0:03:15]} 33. b3 {[%emt 0:01:03]} Qd5 {[%emt 0:08:10]} 34. Qh4 {[%emt 0:01:40]} Nc5 {[%emt 0:02:41]} 35. Nxc5 {[%emt 0:02:06]} Qxc5 {[%emt 0:02:25]} 36. Qd8+ {[%emt 0:01:23]} Kh7 {[%emt 0:00:04]} 37. Qd3+ {[%emt 0:00:07]} f5 {[%emt 0:00:43]} 38. Qd2 {[%emt 0:00:45]} e5 {[%emt 0:01:27]} 39. c3 {[%emt 0:00:32]} Qc6 {[%emt 0:02:57]} 40. Qc2 {[%emt 0:01:15]} e4 {[%emt 0:03:57]} 41. Kb2 {[%emt 0:01:34]} Qd6 {[%emt 0:03:51]} 42. Qe2 {[%emt 0:00:49]} g6 {[%emt 0:03:56]} 43. Qc4 {[%emt 0:01:47]} h5 {[%emt 0:00:36]} 44. b4 {[%emt 0:01:30]} Qd2+ {[%emt 0:02:33]} 45. Kb3 {[%emt 0:00:24]} Qxf2 {[%emt 0:00:29]} 46. bxa5 {[%emt 0:02:55]} bxa5 {[%emt 0:00:05]} 47. Qc7+ {[%emt 0:02:00]} Kh6 {[%emt 0:00:11]} 48. Qe5 {[%emt 0:00:06]} e3 {[%emt 0:00:49]} 49. Qh8+ {[%emt 0:01:06]} Kg5 {[%emt 0:00:04]} 0-1